| 000 | 01566nam a2200349 a 4500 | ||
|---|---|---|---|
| 001 | ebr10657532 | ||
| 003 | CaPaEBR | ||
| 006 | m u | ||
| 007 | cr cn||||||||| | ||
| 008 | 121120s2013 inua s 001 0 eng d | ||
| 010 | _z 2012954397 | ||
| 020 | _z9781118301296 (pbk. : alk. paper) | ||
| 020 | _z1118301293 (pbk. : alk. paper) | ||
| 020 | _z9781118620458 (e-book) | ||
| 040 |
_aCaPaEBR _cCaPaEBR |
||
| 035 | _a(OCoLC)827335829 | ||
| 050 | 1 | 4 |
_aQA76.774.L46 _bV36 2013eb |
| 082 | 0 | 4 |
_a005.432 _223 |
| 100 | 1 | _aVugt, Sander van. | |
| 245 | 1 | 0 |
_aRed Hat Enterprise Linux 6 administration _h[electronic resource] : _breal world skills for Red Hat administrators / _cSander van Vugt. |
| 250 | _a1st ed. | ||
| 260 |
_aIndianapolis, Ind. : _bJohn Wiley and Sons, _c2013. |
||
| 300 |
_axxvii, 644 p. : _bill. |
||
| 500 | _aIncludes index. | ||
| 505 | 0 | _apt. I. Getting familiar with Red Hat Enterprise Linux -- pt. II. Administering Red Hat Enterprise Linux -- pt. III. Securing Red Hat Enterprise Linux -- pt. IV. Networking Red Hat Enterprise Linux -- pt. V. Advanced Red Hat Enterprise Linux configuration. | |
| 533 |
_aElectronic reproduction. _bPalo Alto, Calif. : _cebrary, _d2013. _nAvailable via World Wide Web. _nAccess may be limited to ebrary affiliated libraries. |
||
| 630 | 0 | 0 | _aLinux. |
| 650 | 0 | _aOperating systems (Computers) | |
| 655 | 7 |
_aElectronic books. _2local |
|
| 710 | 2 | _aebrary, Inc. | |
| 856 | 4 | 0 |
_uhttp://site.ebrary.com/lib/rucke/Doc?id=10657532 _zAn electronic book accessible through the World Wide Web; click to view |
| 999 |
_c76948 _d76948 |
||